Cách chào hàng mới
Giới thiệu nghề chào hàng hiện nay và cách nhìn nhận truyền thống, việc quản lý chào hàng: thành tích của nó, phong cách chào hàng mới trên thực địa.
Đã lưu trong:
| Tác giả chính: | |
|---|---|
| Định dạng: | Sách |
| Ngôn ngữ: | Undetermined |
| Được phát hành: |
Thành phố Hồ Chí Minh
Trẻ
2000
|
| Những chủ đề: | |
| Các nhãn: |
Thêm thẻ
Không có thẻ, Là người đầu tiên thẻ bản ghi này!
|
| Thư viện lưu trữ: | Trung tâm Học liệu Trường Đại học Cần Thơ |
|---|
| LEADER | 00768nam a2200193Ia 4500 | ||
|---|---|---|---|
| 001 | CTU_153987 | ||
| 008 | 210402s9999 xx 000 0 und d | ||
| 020 | |c 19200 | ||
| 082 | |a 658.8 | ||
| 082 | |b G555 | ||
| 100 | |a Gleeson, Michael Hewitt | ||
| 245 | 0 | |a Cách chào hàng mới | |
| 245 | 0 | |c Michael Hewitt Gleeson ; Bùi Trần Chú (dịch) | |
| 260 | |a Thành phố Hồ Chí Minh | ||
| 260 | |b Trẻ | ||
| 260 | |c 2000 | ||
| 520 | |a Giới thiệu nghề chào hàng hiện nay và cách nhìn nhận truyền thống, việc quản lý chào hàng: thành tích của nó, phong cách chào hàng mới trên thực địa. | ||
| 650 | |a Marketing | ||
| 980 | |a Trung tâm Học liệu Trường Đại học Cần Thơ | ||